| 000 | 00699cam a22002415a 4500 | ||
|---|---|---|---|
| 001 | 17389513 | ||
| 005 | 20180110085143.0 | ||
| 008 | 120717s2010 iaua 000 0 eng | ||
| 010 | _a 2012452225 | ||
| 020 | _a9780757579172 | ||
| 020 | _a0757579175 | ||
| 040 |
_aDLC _cDLC |
||
| 041 | _aeng | ||
| 042 | _apcc | ||
| 080 | _a62 THO | ||
| 082 | _262 THO | ||
| 100 | 1 | _a27 | |
| 101 | _aENG | ||
| 245 | 1 | 3 |
_aAn introduction to electrical measurements : _cThomas E. Brewer. |
| 906 |
_a0 _bibc _corigres _d2 _encip _f20 _gy-gencatlg |
||
| 942 |
_2ddc _cBK |
||
| 999 |
_c40052 _d40052 |
||